000 00385nam a2200145Ia 4500
008 130318s9999 xx 000 0 und d
020 _a8187328355
082 _a005.133C VAR/P
100 _aVaralakshmi, P.V.N
245 _aProject using C with concepts and algorithms
260 _bScitech
_aChennai
_c2001
300 _a509
650 _aC PROGRAMMING
650 _aPROGRAMMING LANGUAGE
999 _c248
_d248